<?xml version="1.0" encoding="UTF-8"?>
<collection xmlns:xsi="http://www.w3.org/2001/XMLSchema-instance" xsi:schemaLocation="http://www.loc.gov/MARC21/slim http://www.loc.gov/standards/marcxml/schema/MARC21slim.xsd" xmlns="http://www.loc.gov/MARC21/slim">
 <record>
  <leader>00000cmm a22000004i 4500</leader>
  <controlfield tag="001">UP-99796217611037558</controlfield>
  <controlfield tag="003">Buklod</controlfield>
  <controlfield tag="005">20240924154817.0</controlfield>
  <controlfield tag="006">m    go  j        </controlfield>
  <controlfield tag="007">cr cn |||aaaaa</controlfield>
  <controlfield tag="008">240924s2011    gw ||||go||j| ||||||engdd</controlfield>
  <datafield tag="020" ind1=" " ind2=" ">
   <subfield code="a">9783642195396(eBook)</subfield>
  </datafield>
  <datafield tag="035" ind1=" " ind2=" ">
   <subfield code="a">(iLib)UPD-00209103673</subfield>
  </datafield>
  <datafield tag="040" ind1=" " ind2=" ">
   <subfield code="a">CSt</subfield>
   <subfield code="d">DMLR</subfield>
   <subfield code="e">rda</subfield>
  </datafield>
  <datafield tag="041" ind1=" " ind2=" ">
   <subfield code="a">eng</subfield>
  </datafield>
  <datafield tag="042" ind1=" " ind2=" ">
   <subfield code="a">DMLUC</subfield>
  </datafield>
  <datafield tag="084" ind1=" " ind2=" ">
   <subfield code="a">TJ 212.2</subfield>
   <subfield code="b">I58 2011eb</subfield>
  </datafield>
  <datafield tag="100" ind1="1" ind2=" ">
   <subfield code="a">Cetto, Juan Andrade</subfield>
   <subfield code="e">editor</subfield>
  </datafield>
  <datafield tag="245" ind1="0" ind2="0">
   <subfield code="a">Informatics in Control, Automation and Robotics</subfield>
   <subfield code="b">Revised and Selected Papers from the International Conference on Informatics in Control, Automation and Robotics 2010</subfield>
   <subfield code="c">Juan Andrade Cetto, Jean-Louis Ferrier, Joaquim Filipe, editors.</subfield>
  </datafield>
  <datafield tag="264" ind1=" " ind2="1">
   <subfield code="a">Berlin, Heidelberg</subfield>
   <subfield code="b">Springer Berlin Heidelberg</subfield>
   <subfield code="c">2011</subfield>
  </datafield>
  <datafield tag="300" ind1=" " ind2=" ">
   <subfield code="a">online resource (xiii, 364 pages)</subfield>
   <subfield code="b">illustrations (some color)</subfield>
  </datafield>
  <datafield tag="336" ind1=" " ind2=" ">
   <subfield code="a">text</subfield>
   <subfield code="2">rdacontent</subfield>
  </datafield>
  <datafield tag="337" ind1=" " ind2=" ">
   <subfield code="a">computer</subfield>
   <subfield code="2">rdamedia</subfield>
  </datafield>
  <datafield tag="338" ind1=" " ind2=" ">
   <subfield code="a">online resource</subfield>
   <subfield code="2">rdacarrier</subfield>
  </datafield>
  <datafield tag="505" ind1="1" ind2=" ">
   <subfield code="a">Invited Papers -- Part I: Intelligent Control Systems and Optimization -- Part II: Robotics and Automation -- Part III: Signal Processing, Systems Modeling and Control</subfield>
  </datafield>
  <datafield tag="506" ind1=" " ind2=" ">
   <subfield code="a">IP-based subscription, access limited to within on campus computer network.</subfield>
   <subfield code="c">Access via Electronic resources of the UPD University Library Website</subfield>
  </datafield>
  <datafield tag="520" ind1=" " ind2=" ">
   <subfield code="a">The present book includes a set of selected papers from the seventh &quot;International Conference on Informatics in Control Automation and Robotics&quot; (ICINCO 2010), held in Madeira, Portugal, from 15 to 18 June 2010. The conference was organized in three simultaneous tracks: &quot;Intelligent Control Systems and Optimization&quot;, &quot;Robotics and Automation&quot; and &quot;Signal Processing, Systems Modeling and Control&quot;. The book is based on the same structure.   ICINCO received 320 paper submissions, not including those of workshops or special sessions, from 57 countries, in all continents. After a double blind paper review performed by the Program Committee only 27 submissions were accepted as full papers and thus selected for oral presentation, leading to a full paper acceptance ratio of 8%. Additional papers were accepted as short papers and posters. A further refinement was made after the conference, based also on the assessment of presentation quality, so that this book includes the extended and revised versions of the very best papers of ICINCO 2010.   Commitment to high quality standards is a major concern of ICINCO that will be maintained in the next editions of this conference, including not only the stringent paper acceptance ratios but also the quality of the program committee, keynote lectures, workshops and logistics</subfield>
  </datafield>
  <datafield tag="533" ind1=" " ind2=" ">
   <subfield code="a">Electronic reproduction</subfield>
   <subfield code="b">New York</subfield>
   <subfield code="c">SpringerLink</subfield>
   <subfield code="d">2011</subfield>
   <subfield code="n">Available via World Wide Web through SpringerLink</subfield>
  </datafield>
  <datafield tag="650" ind1=" " ind2="0">
   <subfield code="a">Automatic control</subfield>
   <subfield code="x">Congresses.</subfield>
  </datafield>
  <datafield tag="650" ind1=" " ind2="0">
   <subfield code="a">Automation</subfield>
   <subfield code="x">Congresses.</subfield>
  </datafield>
  <datafield tag="650" ind1=" " ind2="0">
   <subfield code="a">Robotics</subfield>
   <subfield code="x">Congresses.</subfield>
  </datafield>
  <datafield tag="700" ind1="1" ind2=" ">
   <subfield code="a">Ferrier, Jean-Louis</subfield>
   <subfield code="e">editor.</subfield>
  </datafield>
  <datafield tag="700" ind1="1" ind2=" ">
   <subfield code="a">Felipe, Joaquim</subfield>
   <subfield code="e">editor.</subfield>
  </datafield>
  <datafield tag="710" ind1="2" ind2=" ">
   <subfield code="a">SpringerLink (Online service).</subfield>
  </datafield>
  <datafield tag="856" ind1="4" ind2="0">
   <subfield code="u">http://link.springer.com/book/10.1007/978-3-642-19539-6</subfield>
   <subfield code="y">Available for University of the Philippine Diliman via SpringerLink. Click here to access</subfield>
  </datafield>
  <datafield tag="905" ind1=" " ind2=" ">
   <subfield code="a">FO</subfield>
  </datafield>
  <datafield tag="852" ind1="0" ind2=" ">
   <subfield code="a">UPD</subfield>
   <subfield code="b">DMLR</subfield>
  </datafield>
  <datafield tag="942" ind1=" " ind2=" ">
   <subfield code="a">Electronic Resource</subfield>
  </datafield>
 </record>
</collection>
